Southville International School and Colleges
Your cart is empty.
  • Cart
  • Lists
    Public lists Eva Luna New books Lux_list list_1
    Your lists Log in to create your own lists
  • Log in to your account
  • Your cookies
  • Search history
Southville International School and Colleges
  • Advanced search
  • Recent comments
  • Most popular
  • Libraries

Log in to your account

Log in with GOOGLE


If you do not have an external account, but do have a local account, you can still log in:

  1. Home
  2. MARC view: An afternoon walk. /
Normal view MARC view ISBD view

An afternoon walk. / (Record no. 58)

[ view plain ]
MARC details
000 -LEADER
fixed length control field 00711cam a2200253 4500
001 - CONTROL NUMBER
control field 4109907
003 - CONTROL NUMBER IDENTIFIER
control field OSt
005 - DATE AND TIME OF LATEST TRANSACTION
control field 20140310181619.0
008 - FIXED-LENGTH DATA ELEMENTS--GENERAL INFORMATION
fixed length control field 711004r1971 nyu 000 1 eng
010 ## - LIBRARY OF CONGRESS CONTROL NUMBER
LC control number 75159753
040 ## - CATALOGING SOURCE
Original cataloging agency DLC
Transcribing agency DLC
Modifying agency DLC
050 00 - LIBRARY OF CONGRESS CALL NUMBER
Classification number PZ 7
Item number .Ed22 1971
082 00 - DEWEY DECIMAL CLASSIFICATION NUMBER
Classification number FIC
Item number Ed2a 1971
100 1# - MAIN ENTRY--PERSONAL NAME
Personal name Eden, Dorothy,
Dates associated with a name 1912-1982.
9 (RLIN) 18064
245 13 - TITLE STATEMENT
Title An afternoon walk. /
Statement of responsibility, etc Eden, Dorothy.
250 ## - EDITION STATEMENT
Edition statement [1st American ed.]
260 ## - PUBLICATION, DISTRIBUTION, ETC. (IMPRINT)
Place of publication, distribution, etc New York,
Name of publisher, distributor, etc Coward, McCann & Geoghegan.
Date of publication, distribution, etc c1971.
300 ## - PHYSICAL DESCRIPTION
Extent 242 p.
Dimensions 23 cm.
350 ## - PRICE (NR) (BK AM CF MU VM SE) [OBSOLETE]
Price $6.95
655 #7 - INDEX TERM--GENRE/FORM
Genre/form data or focus term Romantic suspense novels.
Source of term gsafd
9 (RLIN) 2963
906 ## - LOCAL DATA ELEMENT F, LDF (RLIN)
a 7
b cbc
c orignew
d 2
e ncip
f 19
g y-gencatlg
942 ## - ADDED ENTRY ELEMENTS (KOHA)
Source of classification or shelving scheme Library of Congress Classification
Koha item type
Call number prefix
Holdings
Withdrawn status Lost status Source of classification or shelving scheme Damaged status Home library Current library Shelving location Date acquired Total Checkouts Full call number Barcode Date last seen Copy number Price effective from Koha item type
    Library of Congress Classification   Luxembourg Library Luxembourg Library Fiction Section 12/28/2011   PZ 7 .Ed22 1971 1058 02/03/2016 1 10/03/2013 Books

An afternoon walk. /

APA

Eden D., . (1971). An afternoon walk. New York: Coward, McCann & Geoghegan.

Chicago

Eden Dorothy, . 1971. An afternoon walk. New York: Coward, McCann & Geoghegan.

Harvard

Eden D., . (1971). An afternoon walk. New York: Coward, McCann & Geoghegan.

MLA

Eden Dorothy, . An afternoon walk. New York: Coward, McCann & Geoghegan. 1971.

  • Place hold
  • Print
  • Cite
  • Add to your cart (remove)
  • Save record
    BIBTEX Dublin Core MARCXML MARC (non-Unicode/MARC-8) MARC (Unicode/UTF-8) MARC (Unicode/UTF-8, Standard) MODS (XML) RIS
  • More searches
    Search for this title in:
    Other Libraries (WorldCat) Other Databases (Google Scholar) Online Stores (Bookfinder.com) Open Library (openlibrary.org)

Exporting to Dublin Core...

SOUTHVILLE LIBRARY

Southville International School and Colleges Library

1281 Tropical Ave. Cor. Luxembourg St., BF Homes International, Las Pinas City

Tel. No. 8256374 / 252358 Loc. 117/146

Powered by Koha